[Event "Bundesliga 0203"]
[Site "Germany"]
[Date "2003.01.11"]
[Round "8.2"]
[White "Lautier, Joel"]
[Black "Aronian, Levon"]
[Result "1-0"]
[WhiteElo "2670"]
[BlackElo "2610"]
[Annotator "Lautier,J"]
[PlyCount "90"]
[EventDate "2002.10.19"]
[EventType "team-tourn"]
[EventRounds "15"]
[EventCountry "GER"]
[SourceTitle "CBM 093"]
[Source "ChessBase"]
[SourceDate "2003.04.01"]
[SourceVersion "1"]
[SourceVersionDate "2003.04.01"]
[SourceQuality "1"]
[WhiteTeam "Luebeck"]
[BlackTeam "Wattenscheid"]
[WhiteTeamCountry "GER"]
[BlackTeamCountry "GER"]

1. e4 {Wedberg} e5 2. Nf3 Nc6 3. Bb5 Nf6 4. O-O Nxe4 5. d4 Nd6 6. Bxc6 dxc6 7.
dxe5 Nf5 8. Qxd8+ Kxd8 9. Nc3 a5 10. h3 a4 $6 11. a3 Be6 {'?!' Wedberg.
Wedberg: 'This move means taking some risk for Black since White can win time
by hitting the B.'} (11... h6 {Wedberg}) 12. g4 $1 {Wedberg: 'Excellent, Black
has some retreating to do now. The R is perfectly placed on f1 to support a P
storm. Lautiers plan is one of the most dangerous that Black has to counter in
the Berlin defence.'} (12. Ng5 Ke8 13. Nxe6 fxe6 {/\ Nd4} 14. Ne4 Nd4 15. c3
Nb3 16. Rb1 Nc5 17. Nxc5 Bxc5 $11) (12. Re1 {Wedberg} Kc8 13. g4 Ne7 14. Ng5
Nd5 15. Nce4 h6 16. Nxe6 fxe6 17. Be3 Be7 18. c4 Nxe3 19. Rxe3 Ra5 {Konguvel,
P-Aleksandrov,A/Goodricke 2002/0-1 (45)}) 12... Ne7 13. Ng5 $1 (13. Nd4 Bd7 14.
f4 h5 (14... Nd5 15. Nxd5 cxd5 16. f5 Bc5 17. Be3 Bb6 $14) 15. f5 hxg4 16. hxg4
Rh4 (16... g6 17. e6 $16) 17. Rf4 Nd5 18. Nxd5 cxd5 19. Nf3 Bc5+ 20. Kg2 Rh8
21. Bd2 $14) 13... Bc4 {'?!' Wedberg.} (13... Nd5 14. Nce4 h5 15. f4 $1 Ke8 (
15... hxg4 $2 16. f5 $18) 16. f5 Bc8 17. Kg2 $16) (13... h5 $5 {(Wedberg)
Trying to get some counterplay going before White has completely taken over
with f4-f5.} 14. Nxe6+ fxe6 15. Ne4 hxg4 16. hxg4 Nd5 17. c4 (17. Kg2 {Wedberg}
b5) 17... Nb6 18. Ng5 Ke7 19. Bd2 c5 20. Rac1 Nd7 21. Nf3 $14) 14. Re1 Ke8 (
14... h6 15. Nge4 $1 (15. Re4 {'!' Wedberg.} Bd5 $1 (15... b5 16. Rxc4 hxg5 17.
Rd4+ Ke8 18. Bxg5 Rxh3 19. Rad1 $16) (15... hxg5 16. Rxc4 Rxh3 (16... f6 {
Wedberg} 17. Kg2 $16) 17. Bxg5 $16) 16. Nxd5 cxd5 17. Nxf7+ (17. Rxa4 $2 Rxa4
18. Nxf7+ Ke8 19. Nxh8 g5 20. e6 Re4 $17) 17... Ke8 18. Rf4 Rh7 19. Rf3 (19. e6
Ra6) (19. g5 Ng6 20. Rf5 Ra6 $132 {/\ Nh4-g6} (20... Nh4 21. Rf4 (21. e6 $2
Nxf5 22. g6 Rh8 23. Nxh8 Ra6 $17) 21... Ng6 $11)) 19... Ng6 {/\ Nh4} 20. e6 Ra6
21. Re3 Nf4 22. Re1 Nxe6 23. Ne5 g5 $11) 15... Nd5 (15... Ng6 16. f4 Nh4 17.
Kf2 $16) (15... h5 16. Bg5 $16) 16. f4 (16. Bd2 g5) 16... h5 (16... Nxc3 17.
Nxc3 Bc5+ 18. Be3 Bxe3+ 19. Rxe3 $16) 17. f5 hxg4 18. hxg4 Be7 {/\ Rh4} 19. Kg2
Rh4 20. Kg3 Rh8 21. Bg5 $16) 15. f4 $1 {Wedberg: 'White is ready to storm. The
P:s are rolling and the pieces can mass behind them. Black must look for the
panic brake.'} (15. e6 f6 16. Nf7 Rg8 17. Bf4 Bxe6 18. Rxe6 Kxf7 19. Re2 Nd5
20. Nxd5 cxd5 21. Bxc7 Bc5 22. Rd1 Rac8 23. Bg3 d4 $11 (23... Rgd8 24. Red2 d4
(24... Ke6) 25. c3 Rd5 26. cxd4 Rcd8 $11)) (15. b3 axb3 16. cxb3 Be6 (16...
Bxb3 17. Rb1 Bc4 18. Rxb7 $36) 17. Nxe6 fxe6 18. Ne4 Nd5 $13) (15. Bf4 h6 (
15... Ng6 16. Bg3 Be7 17. Nge4 Nh4 $2 18. Nf6+ $16) 16. Nge4 Nd5 17. Bg3 Nxc3
18. Nxc3 Bc5 19. Rad1 Be6 20. Kg2 (20. Ne4 Bb6) 20... h5 $11) 15... h5 (15...
h6 16. Nf3 Nd5 17. Ne4 $16) (15... f6 16. exf6 (16. Nf3 $6 f5 $1) 16... gxf6
17. Ne6 Bxe6 18. Rxe6 Kf7 19. f5 h5 20. Ne4 Bg7 21. Kg2 (21. Bd2 hxg4 22. hxg4
Rh4 23. Nf2 Rd8 $132) 21... hxg4 22. hxg4 Rh4 23. Kg3 Rah8 (23... Rh1 24. Nf2
$1 $16) 24. Nf2 Bf8 (24... Nd5 {/\ Bf8-d6} 25. c4 Nb6 26. Bf4 Nxc4 27. Bxc7 $16
) 25. c4 (25. Bf4 Nd5) 25... Nc8 26. Bf4 Bc5 27. Ne4 Bd4 28. Rd1 c5 29. Rxd4
$16) 16. Nf3 $5 (16. b3 $6 axb3 17. cxb3 Bxb3 18. Rb1 Bd5 19. Rxb7 hxg4 20.
Nxd5 Nxd5 21. hxg4 Rh4 $132) (16. Kg2 $6 hxg4 17. hxg4 f6 $1 (17... Nd5 18.
Nce4 $16) 18. exf6 gxf6 19. Ne6 (19. Nge4 Kf7 $13) 19... Bxe6 20. Rxe6 f5 (
20... Kf7 21. f5 Nd5 22. Ne4 $36) 21. gxf5 Kd7 22. Ne4 (22. Re5 $2 Bg7) 22...
Nxf5 23. Re5 Nh4+ 24. Kf2 Bd6 25. Nf6+ Kd8 26. Re4 (26. Re6 Nf5 27. Be3 Rf8
$132) 26... Be7 27. Ng4 Rg8 28. Ne3 Bc5 $132) (16. f5 $1 hxg4 17. hxg4 Nd5 (
17... Rh4 18. Re4 Bd5 19. Nxd5 cxd5 20. Rf4 Nc6 21. Nf3 Bc5+ 22. Kg2 Rh8 23.
Bd2 $16 {/\ Re1}) (17... g6 18. f6 Nd5 19. Nce4 Nb6 (19... Rh4 20. Kg2 $1 $16)
20. Kg2 Ra5 21. Kg3 Nd7 22. Bf4 $16) 18. Nce4 (18. e6 $6 f6 19. Nf7 Rh4 20. Re4
b5 $132) 18... Be7 (18... Rh4 19. Kg2 $1 Rxg4+ (19... Be7 20. Kg3 $16) 20. Kh3
$16) 19. Kg2 $16) 16... hxg4 17. hxg4 f5 {Wedberg: 'A bid for freedom, but
Black has the tactics stacked against him here.'} (17... Nd5 18. Ne4 $16) 18.
exf6 gxf6 19. Ne4 Kf7 (19... Bg7 20. f5 Rg8 (20... Kf7 21. Bf4 Nd5 22. Bxc7 $16
) 21. Kf2 (21. g5 $6 Ra5 $1 {/\ Rf5}) 21... Kf7 22. Bf4 Nd5 23. Bg3 (23. Bxc7
Bf8) 23... Bh6 24. g5 Bxg5 25. Nexg5+ Rxg5 26. Nxg5+ fxg5 27. Re4 $16) 20. g5
$1 Bg7 $6 {'?' Wedberg.} (20... Bd5 $142 21. gxf6 (21. Bd2 $36 {[%cal Yd2c3]
Wedberg}) 21... Bxe4 22. Rxe4 Kxf6 23. Bd2 Nd5 24. c4 Bc5+ 25. Kg2 Rag8+ (25...
Rhg8+ 26. Ng5 Nxf4+ 27. Bxf4 Bd6 28. Be3 Rxg5+ 29. Bxg5+ Kxg5 30. c5 Kf5 31.
Rae1 Bf4 32. Kf3 $18) 26. Ng5 Nxf4+ 27. Bxf4 Bd6 28. Be3 Rh2+ 29. Kf3 Rxg5 30.
Bxg5+ Kxg5 31. c5 Rh3+ 32. Kg2 Rh2+ 33. Kg1 Rh4 34. Rxh4 Bxc5+ 35. Kg2 Kxh4 36.
Re1 Kg4 (36... b5 $2 37. Re4+ Kg5 38. Re5+ $18) 37. Re4+ Kf5 38. Rxa4 $16) 21.
gxf6 Bxf6 22. Nxf6 Kxf6 23. b3 $1 {Wedberg: 'White wins material. Both black
minor pieces are targets.'} Rhg8+ (23... Bd5 $142 24. Bb2+ Kf5 25. Nd4+ (25.
Bxh8 Rxh8 26. Rxe7 Bxf3 27. Kf2 Bd5 28. c4 Bg8 29. bxa4 Bxc4 30. Rb1 Rh2+ 31.
Kg3 Ra2 32. Re5+ Kf6 33. Re3 b6 $16) 25... Kxf4 26. Bc1+ Kg3 27. Re3+ Kg4 28.
Rxe7 Rh1+ 29. Kf2 Rf8+ 30. Ke2 Rff1 31. Rg7+ Kh3 32. Rh7+ Kg4 33. Rxh1 Rxh1 34.
b4 b6 35. Kd3 c5 36. bxc5 bxc5 37. Ne2 $18) 24. Kf2 $1 (24. Ng5 axb3 25. cxb3
Bxb3 26. Bb2+ Kf5 27. Rxe7 Kxf4 28. Bc1+ Kf5 29. Rxc7 Rxg5+ 30. Bxg5 Kxg5 31.
Rxb7 Bd5 $16) 24... Bd5 (24... axb3 25. Bb2+ Kf7 26. Ne5+ $18) 25. Ng5 $1 $18 (
25. Bb2+ Kf7 26. Ng5+ Rxg5 27. fxg5 axb3 28. cxb3 Bxb3 $16) 25... Rxg5 (25...
Nf5 26. Bb2+ Kg6 27. c4 Bf7 28. Re5 $1 (28. Rg1 Nh6 $1 $16) 28... Rad8 (28...
Rae8 29. Nxf7 $18) 29. Nf3 axb3 30. Rg1+ Kh7 31. Rh1+ Nh6 (31... Kg6 32. Nh4+
$18) 32. Ng5+ Kg6 33. Rxh6+ $18) (25... Ng6 26. c4 axb3 27. cxd5 cxd5 28. Rb1
Ra4 29. Rxb3 Nxf4 30. Bb2+ Kg6 31. Ne6 $18) (25... Rae8 {Wedberg} 26. c4 Bf7
27. Bb2+ Kg6 28. Nf3 $40 {[%csl Rg6]}) 26. fxg5+ Kf7 27. c4 Be6 28. Ra2 $1 Bf5
(28... Ng6 29. Kg3 $18) 29. Kg3 Ng8 (29... axb3 30. Rf2 Ra5 31. Bd2 $18) 30.
Rf2 Kg6 31. Re5 (31. b4 Rd8) 31... Bd7 32. b4 b5 33. cxb5 cxb5 34. Rc2 Rc8 35.
Bf4 Kf7 36. Rd5 Ke6 37. Re5+ Kf7 38. Rd5 Ke6 39. Rd1 Be8 40. Re1+ Kf7 41. Bd6
$1 {>< e7, >< Ng8} Bd7 42. Bc5 Kg6 43. Rd2 Bf5 44. Kf4 Ra8 45. Rd5 Bh3 (45...
Bh3 46. Re3 Bg2 (46... Bc8 {Wedberg} 47. Rd8 $18) 47. Rd7) 1-0

[Event "WchT 11th"]
[Site "Khanty-Mansiysk"]
[Date "2017.06.24"]
[Round "7.4"]
[White "Li, Chao B"]
[Black "Fedoseev, Vladimir1"]
[Result "1-0"]
[WhiteElo "2720"]
[BlackElo "2703"]
[Annotator "Lenderman,A"]
[PlyCount "107"]
[EventDate "2017.06.17"]
[EventType "team-tourn"]
[EventRounds "9"]
[EventCountry "RUS"]
[SourceTitle "CBM 179"]
[Source "ChessBase"]
[SourceDate "2017.07.12"]
[SourceVersion "1"]
[SourceVersionDate "2017.07.12"]
[SourceQuality "1"]
[WhiteTeam "China"]
[BlackTeam "Russia"]
[WhiteTeamCountry "CHN"]
[BlackTeamCountry "RUS"]

{Today, despite the fact that there were many other intriguing battles, in the
end I decided to choose the decisive game in the pivotal match for first place,
which was won very nicely by a very strong Chinese board 4, Li Chao, against
the strong 2700 Russian player, Vladimir Fedoseev, who was one of the heroes
in the previous round, and whose win was featured in my round 6 Game of the
Day annotations.} 1. e4 e5 2. Nf3 Nc6 3. Bb5 Nf6 {The Berlin Wall. As I
already mentioned in the previous round, Fedoseev can play many openings,
including the Berlin Wall, which he's also played frequently, and actually not
with such great results, especially of late.} 4. O-O (4. d3 {Lately the move 4.
d3 has also gathered quite a lot of popularity since many elite players don't
like their chances trying to break the Berlin Wall.}) 4... Nxe4 5. d4 (5. Re1 {
This is also a very popular line these days.}) 5... Nd6 6. Bxc6 dxc6 7. dxe5
Nf5 8. Qxd8+ Kxd8 9. h3 {Recently, in another important game for Fedoseev, he
faced 9.Nc3.} (9. Nc3 Bd7 10. h3 Be7 11. g4 Nh4 12. Nxh4 Bxh4 13. f4 h5 14. f5
hxg4 15. hxg4 g6 16. fxg6 fxg6 17. Ne4 Kc8 (17... Ke7 {would be a bit safer}
18. Bg5+ Bxg5 19. Nxg5 Raf8 20. e6 Rxf1+ 21. Rxf1 Bxe6 22. Re1 Kf6 23. Nxe6 Re8
24. g5+ Kf7 25. Rf1+ Kxe6 26. Rf6+ Ke7 27. Rxg6 Kf7 $11 {is just equal.}) 18.
Bg5 Bxg5 19. Nxg5 Bxg4 20. Rf7 b6 21. e6 Kb7 22. e7 $36 {Shirov,A (2673)
-Fedoseev,V (2667) Moscow RUS 2016, and White has a very strong passed pawn on
e7, which more than compensates for his pawn deficit. Black's position is
difficult here and White won very soon after that.}) 9... Bc5 $6 {This seems
like a strange move to me and according to the database this move is also
extremely rare, and has never been played at grandmaster level. Fedoseev spent
6 minutes here, according to Playchess, which tells me it was probably his
creative innovation. That said, I'm not really sure what exactly is the point
of putting the bishop on c5 instead of let's say on e7. Furthermore, why make
a commitment with the bishop just now?} (9... Ke8 {is the most popular. Many
other moves have been tried as well, like 9...Be7!? which was featured between
MVL and Adams, which I covered for the Gibraltar Game of the Day, though I
don't remember which round.}) (9... Bd7) (9... Be7) (9... h5) 10. Nc3 Be6 11.
b3 Kc8 12. Rd1 {Perhaps slightly inaccurate.} (12. Ne4 $5 {seemed strong,
challenging the bishop on c5, asking it where it will go and basically
discouraging ...Be7, while ...Bb6 is also not the most attractive.} Be7 (12...
Bd4 13. Rb1 $14) (12... Bb6 13. Bb2) 13. g4 Nh4 (13... Bd5 14. Ned2 Nh4 15.
Nxh4 Bxh4 16. c4 Be6 17. f4 $14) 14. Nxh4 Bxh4 15. Bg5 Bxg5 16. Nxg5 $14) 12...
b6 $6 {Missing the opponent's idea.} (12... Be7 {was still fine for Black,
preparing to meet g4 with ...Nh4.} 13. g4 Nh4 14. Nxh4 Bxh4 $11) 13. g4 $1 Ne7
14. Na4 {Now the poor placement of the bishop on c5 shows. Black's pawn
structure becomes terrible. If I dare say so, Black's position might already
be close to strategically lost.} h5 15. Nxc5 bxc5 16. Ng5 $1 {Another
important move. Without this move Black would have sufficient counterplay.}
hxg4 17. Nxe6 fxe6 18. hxg4 Ng6 19. Re1 {A good move but objectively speaking,
Komodo finds something even more brilliant here.} (19. Kg2 $3 {It was actually
more important to prevent the counterplay with ...Rh3 than to defend the pawn
on e5.} Nxe5 20. Kg3 $1 {Wow, this is very hard to see: to sacrifice a pawn,
and then to just make a quiet move. However, Black is in very bad shape here
with many weaknesses and is probably lost.} Nf7 21. Bb2 e5 (21... Rg8 22. Re1
Kd7 23. Rad1+ Ke7 24. Re3 $18) 22. Re1 Re8 23. Re3 $16 {Eventually the e5-pawn
will fall, and White basically has a 2-to-1 advantage on the kingside in a
potential rook endgame.}) 19... Kb7 $6 {A natural move but Black desperately
had to create quick counterplay here before it was too late.} (19... Rh3 20.
Re4 $6 (20. Bg5 Kb7 21. Re4 Rah8 22. Rc1 {White is still better, but at least
Black can fight here. White has to make some difficult moves.}) 20... Rc3 $132)
20. Re4 Rh3 21. Be3 {Now it's too late. White was able to consolidate and put
his pieces in optimal spots.} Rah8 22. Kg2 c4 (22... Rh2+ 23. Kf3 R8h3+ 24. Ke2
$16 {wasn't much help for Black.}) 23. bxc4 a5 24. Rb1+ Ka6 25. Rd1 Kb7 26.
Rb1+ {Probably just getting closer to the time control.} Ka6 27. a3 Rh2+ 28.
Kf3 Rf8+ 29. Ke2 Rhh8 30. Rf1 {Black's position is lost. Now White just needs
to get to move 40 and slowly but surely nurture his advantage since Black has
no counterplay here.} Rh4 31. Rd1 Rh7 32. Kd2 Rhh8 33. Kc3 Rf7 34. Rf1 Rh4 35.
Kd4 $6 (35. Rb1 {was more accurate.} Nf8 36. Rb8 Nd7 37. Re8) 35... Nf8 36. Rb1
Nd7 {Now at least Black was able to reposition his knight to a better
defensive position.} 37. Kc3 (37. c5 {Maybe this was better, to restrict
Black's knight.}) 37... Rh3 38. Kd2 Nb6 (38... c5 $5 {might've been another
defensive try. Black's position is tough but maybe he has some defensive
chances here since White's technique hasn't been perfect in time pressure.})
39. Ke2 Rh8 40. Rb3 Rh1 41. Rd3 Rg1 42. g5 Rh1 $6 {Now Black is totally lost
again. He allowed the white rook to get very active.} (42... Nd7 $16 {and
Black is still fighting a little bit.}) (42... Ra1 $5 {also deserved attention
to tie White down to the a3-pawn,} 43. Rd8 Rxa3 44. Re8 $18 {but White is
winning here anyway.}) 43. Rd8 Re7 44. Rf4 Kb7 45. c5 Nd7 (45... Nd5 46. Rff8 {
is practically mate.}) 46. Ra4 Nb8 47. Rxa5 $18 {The rest is simple.} Rh4 48.
Rd3 Na6 49. f4 Ka7 50. Rd4 Rh2+ 51. Bf2 g6 52. Rda4 Reh7 53. Rxa6+ Kb7 54. Ra7+
{A critical win by Li Chao, but Fedoseev struggled this game. Possibly an
opening like the Berlin doesn't suit his aggressive and creative style. At
least not yet. This game shows that in fact the Berlin is far from easy to
play, even at the high level despite the fact that it's been studied so deeply
already.} 1-0

[Event "EU-ch 12th"]
[Site "Aix les Bains"]
[Date "2011.03.25"]
[Round "4"]
[White "Sutovsky, Emil"]
[Black "Grigoryan, Avetik"]
[Result "1-0"]
[WhiteElo "2692"]
[BlackElo "2608"]
[Annotator "Marchand,A/Primel,D"]
[PlyCount "95"]
[EventDate "2011.03.22"]
[EventType "swiss"]
[EventRounds "11"]
[EventCountry "FRA"]
[SourceTitle "CBM 142 Extra"]
[Source "ChessBase"]
[SourceDate "2011.06.27"]
[SourceVersion "1"]
[SourceVersionDate "2011.06.27"]
[SourceQuality "1"]
[TimeControl "40/5400+30:1800+30"]

1. e4 e5 2. Nf3 Nc6 3. Bb5 Nf6 4. O-O Nxe4 5. d4 Nd6 6. Bxc6 dxc6 7. dxe5 Nf5
8. Qxd8+ Kxd8 9. h3 (9. Nc3) 9... Ke8 10. Nc3 h5 11. Bg5 (11. Bf4) 11... Be7
12. Rad1 Be6 13. b3 Rd8 14. Rxd8+ Kxd8 15. Rd1+ Ke8 16. Bc1 Nh4 $146 ({RR} 
16... f6 17. Ne2 Bd5 18. exf6 gxf6 19. Ne1 Bd6 20. Bb2 Kf7 21. Nc3 Ne7 22. g3
Rg8 23. Nxd5 cxd5 24. Ng2 c6 25. c4 Ke6 26. Ne3 f5 27. cxd5+ cxd5 28. Kf1 f4
29. gxf4 Bxf4 30. Re1 Kd7 31. Bf6 {Vocaturo,D (2570)-Bluvshtein,M (2590)/Wijk
aan Zee 2011/CBM 141/1-0 (73)}) 17. Nxh4 Bxh4 18. Be3 Bf5 19. Rd2 Be7 20. Ne2
a6 21. Nd4 Bc8 22. Nf3 Bf5 23. Bg5 $1 Bxg5 (23... c5) (23... a5) 24. Nxg5 Ke7
25. f4 a5 26. Nf3 c5 27. Nh4 (27. Kf2 a4 $5) 27... Bd7 28. f5 $14 Rh6 29. Rd3
Rb6 $6 (29... c4 $5) 30. Rg3 {[%csl Gf5,Rg7,Gh4]} Rb4 (30... Kf8 {Plus souple})
31. c4 {[%csl Rb4]} Kf8 32. Rg5 a4 (32... b5 33. Rxh5 bxc4 34. e6) 33. Rxh5 Kg8
34. Rg5 Rxb3 $4 (34... Kf8) 35. e6 $1 {Le coup intermédaire oublié par les
Noirs} (35. axb3 $4 a3 {[%csl Rg5]}) 35... Rb1+ 36. Kh2 Be8 37. f6 $18 g6 38.
e7 c6 39. Nf5 Rd1 40. Ng7 Bd7 41. Re5 Rd6 42. e8=Q+ Bxe8 43. Nxe8 Rd8 44. Nc7
Rc8 45. Re7 Kf8 46. h4 Rb8 47. a3 b5 48. Na6 1-0